|
|
|
|
| LEADER |
00751nab a2200169 i 4500 |
| 001 |
misc15909 |
| 005 |
20191106142208.0 |
| 008 |
170607s1936 hu o 0|| hun d |
| 040 |
|
|
|a SZTE Miscellanea Repozitórium
|b hun
|
| 041 |
|
|
|a hun
|
| 100 |
1 |
|
|a Trebits Herbert
|
| 245 |
1 |
2 |
|a A 300/1936. M. E. számú rendeletnek az értékpapírbehozatal eltiltása és az értékpapírok szelvényeinek beváltására vonatkozó rendelkezései
|h [elektronikus dokumentum] /
|c Trebits Herbert
|
| 260 |
|
|
|c 1936
|
| 300 |
|
|
|a 102-106a
|
| 490 |
0 |
|
|a Polgári jog : a hazai és külföldi magánjog és hiteljog szemléje
|v 12
|
| 695 |
|
|
|a Hiteljog értékpapír jogi szabályozás
|
| 856 |
4 |
0 |
|u http://misc.bibl.u-szeged.hu/15909/1/polgari_jog_1936_102-106a.pdf
|z Dokumentum-elérés
|